British administration in north east India, 1826-1874 : (Record no. 2465)

MARC details
000 -LEADER
fixed length control field 01194nam a2200301 a 4500
001 - CONTROL NUMBER
control field 513602
003 - CONTROL NUMBER IDENTIFIER
control field GBCCL
005 - DATE AND TIME OF LATEST TRANSACTION
control field 20241126110430.0
008 - FIXED-LENGTH DATA ELEMENTS--GENERAL INFORMATION
fixed length control field 850524s1985 ii b 001 0 eng
010 ## -
-- 85901118
020 ## - INTERNATIONAL STANDARD BOOK NUMBER
Terms of availability Rs165.00
025 ## - OVERSEAS ACQUISITION NUMBER
Overseas acquisition number I E 49723
040 ## - CATALOGING SOURCE
Original cataloging agency DLC
Transcribing agency DLC
Modifying agency DLC
043 ## -
-- a-ii---
050 00 -
-- HN690.A8
-- B37 1985
082 00 - DEWEY DECIMAL CLASSIFICATION NUMBER
Classification number 361.610954162
Edition information 19
Item number BAR
100 1# - MAIN ENTRY--PERSONAL NAME
Personal name Barkataki, Meena Sharma,
Dates associated with a name 1952-
9 (RLIN) 5107
245 10 - TITLE STATEMENT
Title British administration in north east India, 1826-1874 :
Remainder of title a study of their social policy /
Statement of responsibility, etc. Meena Sharma Barkataki.
260 ## - PUBLICATION, DISTRIBUTION, ETC.
Place of publication, distribution, etc. Delhi, India :
Name of publisher, distributor, etc. Mittal Publications :
-- Distributed by Mittal Publishersʾ Distributors,
Date of publication, distribution, etc. 1985.
300 ## - PHYSICAL DESCRIPTION
Extent x, 300 p. :
Other physical details map ;
Dimensions 22 cm.
500 ## - GENERAL NOTE
General note Revision of the authorʾs thesis (Ph. D.--University of Poona, 1983) under the title: British social policy in Assam, 1826-1874 : a study of some of its aspects in the Brahmaputra Valley.
500 ## - GENERAL NOTE
General note Includes index.
504 ## - BIBLIOGRAPHY, ETC. NOTE
Bibliography, etc. note Bibliography: p. [287]-295.
651 #0 - SUBJECT ADDED ENTRY--GEOGRAPHIC NAME
Geographic name Assam (India)
General subdivision Social policy.
9 (RLIN) 5108
651 #0 - SUBJECT ADDED ENTRY--GEOGRAPHIC NAME
Geographic name Assam (India)
General subdivision Politics and government.
9 (RLIN) 5109
906 ## - LOCAL DATA ELEMENT F, LDF (RLIN)
a 7
b cbc
c orignew
d 2
e ncip
f 19
g y-gencatlg
942 ## - ADDED ENTRY ELEMENTS (KOHA)
Source of classification or shelving scheme Dewey Decimal Classification
Koha item type Books
Holdings
Withdrawn status Lost status Source of classification or shelving scheme Damaged status Not for loan Home library Current Library Shelving location Date acquired Total checkouts Full call number Barcode Date last seen Copy number Price effective from Koha item type
    Dewey Decimal Classification     GRACE BIBLE COLLEGE GRACE BIBLE COLLEGE North East Collection 2017-08-16   361.610954162 BAR 001843 2025-05-01 c.1 2017-08-16 Books
© Grace Bible College Library 2025